书目信息 |
| 题名: |
中学生物学教学法
|
|
| 作者: | 陈浩兮 | |
| 分册: | ||
| 出版信息: | 北京 北京师范大学出版社 1987 |
|
| 页数: | 413 | |
| 开本: | 20cm | |
| 丛书名: | ||
| 单 册: | ||
| 中图分类: | G642.41 | |
| 科图分类: | ||
| 主题词: | 教育--各级 | |
| 电子资源: | ||
| ISBN: | 7-303-00135-2 | |
| 000 | 00518nam0 2200181 450 | |
| 001 | 0741144344 | |
| 005 | 20070817112544.34 | |
| 010 | @a7-303-00135-2@d¥2.20 | |
| 100 | @a20070817d km y0chiy0120 ea | |
| 101 | 0 | @achi |
| 200 | 1 | @a中学生物学教学法@Azhong xue sheng wu xue jiao xue fa@f陈浩兮@Fchen hao xi |
| 210 | @a北京@c北京师范大学出版社@d1987 | |
| 215 | @a413@d20cm | |
| 606 | 0 | @a教育@x各级 |
| 690 | @aG642.41@v3 | |
| 701 | 0 | @a陈浩兮@Achen hao xi |
| 801 | 0 | @aCN@bPFT@c20070817 |
| 905 | @a213230@dG642.41@en1=2@f1 | |
| 中学生物学教学法/陈浩兮.-北京:北京师范大学出版社,1987 |
| 413;20cm |
| ISBN 7-303-00135-2:¥2.20 |
| ● |
| 相关链接 |
|
|
|
|
正题名:中学生物学教学法
索取号:G642.41/n1=2
 
预约/预借
| 序号 | 登录号 | 条形码 | 馆藏地/架位号 | 状态 | 备注 |
| 1 | 6600589 | 266005896 | 密集书库-生命科学系/ [索取号:G642.41/n1=2] | 在馆 |